Monitoring bridges by GNSS (Record no. 116207)
[ view plain ]
| 000 -LEADER | |
|---|---|
| fixed length control field | 01542cad a22002775a 4500 |
| 001 - CONTROL NUMBER | |
| control field | L160090 |
| 008 - FIXED-LENGTH DATA ELEMENTS--GENERAL INFORMATION | |
| fixed length control field | 120529s2010 xxk g 000 0 eng d |
| 035 ## - SYSTEM CONTROL NUMBER | |
| System control number | (Sirsi) u160090 |
| 041 0# - LANGUAGE CODE | |
| Language code of text/sound track or separate title | eng |
| 110 ## - MAIN ENTRY--CORPORATE NAME | |
| Corporate name or jurisdiction name as entry element | Federation International Des Geometres |
| 111 2# - MAIN ENTRY--MEETING NAME | |
| Meeting name or jurisdiction name as entry element | FIG Working Week 2010 |
| Number [OBSOLETE] | Sydney, Australia |
| Location of meeting | 11-16 April 2010 |
| 245 00 - TITLE STATEMENT | |
| Title | Monitoring bridges by GNSS |
| Medium | [electronic resource] |
| 260 ## - PUBLICATION, DISTRIBUTION, ETC. | |
| Place of publication, distribution, etc. | Sydney |
| Name of publisher, distributor, etc. | FIG |
| Date of publication, distribution, etc. | 2010 |
| 520 ## - SUMMARY, ETC. | |
| Summary, etc. | Research into the use of GNSS to monitor the deflections of bridges has been ongoing at the Universities of Nottingham and Brunel for well over 12 years. The work initially focussed on large bridges such as the Humber and Forth suspension bridges, but then also included the London Millennium Bridge as well as a 174m long motorway viaduct. The following paper brings the reader up to date with the work conducted more recently, including the monitoring of a cable stayed bridge in Korea, as well as two further large bridges in the UK. |
| 650 24 - SUBJECT ADDED ENTRY--TOPICAL TERM | |
| Topical term or geographic name entry element | ENGINEERING SURVEYING |
| 650 24 - SUBJECT ADDED ENTRY--TOPICAL TERM | |
| Topical term or geographic name entry element | DEFORMATION MEASUREMENTS |
| 650 24 - SUBJECT ADDED ENTRY--TOPICAL TERM | |
| Topical term or geographic name entry element | BRIDGES |
| 651 #4 - SUBJECT ADDED ENTRY--GEOGRAPHIC NAME | |
| Geographic name | Korea |
| 651 #4 - SUBJECT ADDED ENTRY--GEOGRAPHIC NAME | |
| Geographic name | United Kingdom |
| 690 ## - LOCAL SUBJECT ADDED ENTRY--TOPICAL TERM (OCLC, RLIN) | |
| Topical term or geographic name as entry element | Geomatics |
| 9 (RLIN) | 6242 |
| 700 1# - ADDED ENTRY--PERSONAL NAME | |
| Personal name | Roberts, Gethin Wyn |
| 700 1# - ADDED ENTRY--PERSONAL NAME | |
| Personal name | Brown, Chris |
| 856 40 - ELECTRONIC LOCATION AND ACCESS | |
| Uniform Resource Identifier | <a href="https://www.rics.org/Global/Downloads/Monitoring_Bridges_by_GNSS.pdf">https://www.rics.org/Global/Downloads/Monitoring_Bridges_by_GNSS.pdf</a> |
| Public note | View the paper free of charge at www.rics.org |
| 856 40 - ELECTRONIC LOCATION AND ACCESS | |
| Uniform Resource Identifier | <a href="https://fig.net/resources/proceedings/fig_proceedings/fig2010/ppt/ts01d/ts01d_roberts_brown_ppt_4452.pdf">https://fig.net/resources/proceedings/fig_proceedings/fig2010/ppt/ts01d/ts01d_roberts_brown_ppt_4452.pdf</a> |
| Public note | View the presentation free of charge at www.fig.net |
| 942 ## - ADDED ENTRY ELEMENTS (KOHA) | |
| Suppress in OPAC | 0 |
| Withdrawn status | Lost status | Source of classification or shelving scheme | Damaged status | Not for loan | Home library | Current library | Shelving location | Date acquired | Total Checkouts | Full call number | Barcode | Date last seen | Copy number | Price effective from | Koha item type |
|---|---|---|---|---|---|---|---|---|---|---|---|---|---|---|---|
| Dewey Decimal Classification | Virtual | Virtual | Online | 22/05/2018 | ONLINE PUBLICATION | 160090-2001 | 06/08/2019 | 1 | 06/08/2019 | Book |